000 00788nam a2200241 i 4500
001 bg
100 1 _aKRAWCZYK, Stanisław
245 1 0 _aBadania operacyjne dla menedżerów /
_cStanisław Krawczyk.
260 _aWrocław :
_bWydaw. Akademii Ekonomicznej im. Oskara Langego,
_c1996.
300 _a240 s. :
_brys., wykr. ;
_c24 cm.
504 _aBibliogr. s. 232-233. - Indeks.
521 _aPodręcznik dla studentów uczelni ekonomicznych i politechnicznych.
650 9 _aBadania operacyjne
650 9 _aZarządzanie
_xteoria
_xzagadnienia
655 _aPodręczniki akademickie
020 _a837011248X
040 _cBPK
041 0 _apl
080 _a0330.45:519.85:65.012](075.8)
920 _a83-7011-248-X
942 _cKS
008 s pl f |000 0 pol
999 _c33909
_d33909
856 _uhttp://koha.tu.koszalin.pl/cgi-bin/koha/opac-detail.pl?biblionumber=33909
_yKatalog online BPK